| 000 | 00469nam a2200157Ia 4500 | ||
|---|---|---|---|
| 003 | LK-CoDNM | ||
| 008 | 010623t xxu||||| |||| 00| 1 sin d | ||
| 040 |
_aLK-CoDNM _dLK-CoDNM _eLK-CoDNM |
||
| 041 | _asin | ||
| 080 | _a16(1) | ||
| 100 | _aPerera,Pradeepa. | ||
| 245 | _aසම්ප්රධායික සහ නවීන තර්ක ශාස්ත්රය | ||
| 246 | _aSampradaika Saha Naveena Tharka Shastraya | ||
| 300 | _b53p., 21 cm | ||
| 942 | _cBK | ||
| 999 |
_c141686 _d141686 |
||